[Event "Championnat de France des Jeunes - Benja"]
[Site "TROYES"]
[Date "2010.04.16"]
[Round "7.4"]
[White "Pruvot, Louis"]
[Black "Viennot, Dylan"]
[Result "1-0"]
[WhiteElo "1881"]
[BlackElo "2017"]
[PlyCount "81"]
[EventDate "2010.??.??"]

1. d4 Nf6 2. Nf3 g6 3. c4 Bg7 4. Nc3 O-O 5. e4 d6 6. h3 Na6 7. Bg5 c5 8. d5 Nc7
9. a4 Rb8 10. Bd3 b6 11. O-O a6 12. Re1 Nd7 13. Qc2 h6 14. Bf4 Nf6 15. e5 Nh5
16. Bh2 g5 17. Qe2 g4 18. hxg4 Bxg4 19. Qe4 f5 20. exf6 Nxf6 21. Qxe7 Nfe8 22.
Nd2 Rf7 23. Qxd8 Rxd8 24. Nde4 Rfd7 25. f3 Bf5 26. Nf6+ Bxf6 27. Bxf5 Rg7 28.
Re2 Rb8 29. Bf4 Bxc3 30. bxc3 Rf7 31. g4 b5 32. axb5 axb5 33. Bxh6 bxc4 34. f4
Nf6 35. Be6 Nxe6 36. dxe6 Re7 37. f5 Nxg4 38. Rg2 Kh7 39. Rxg4 Kxh6 40. Kf2 Kh5
41. Kg3 1-0

[Event "Championnat de France des Jeunes - Benja"]
[Site "TROYES"]
[Date "2010.04.16"]
[Round "7.5"]
[White "Bapst, Valentin"]
[Black "Kirk, Ezra"]
[Result "1/2-1/2"]
[WhiteElo "1828"]
[BlackElo "1970"]
[PlyCount "106"]
[EventDate "2010.??.??"]

1. e4 c5 2. Nf3 Nc6 3. d4 cxd4 4. Nxd4 g6 5. c4 Bg7 6. Be3 d6 7. Nc3 Nf6 8. Be2
O-O 9. O-O Qa5 10. Nb3 Qd8 11. Nd4 Nxd4 12. Bxd4 Be6 13. f3 a6 14. Nd5 Bxd5 15.
cxd5 Bh6 16. Qb3 Qa5 17. Qc3 Qxc3 18. bxc3 Rfc8 19. Rfb1 Rc7 20. Rb2 Rac8 21.
Rab1 b5 22. a4 bxa4 23. Ra2 Nd7 24. Rxa4 Nc5 25. Bxc5 Rxc5 26. Bxa6 Ra8 27. c4
Be3+ 28. Kf1 Bd4 29. Rb3 Kg7 30. Rba3 Kf6 31. Bb5 Rb8 32. Rd3 Be5 33. g3 g5 34.
Kf2 h5 35. h3 Rc7 36. Rd2 Bc3 37. Rda2 Bd4+ 38. Kg2 Rg8 39. Ra8 Rg7 40. Rh8 h4
41. g4 Ke5 42. Rha8 Kf4 43. R8a6 Rg8 44. R2a3 Rb8 45. Ra2 Be3 46. Ra8 Rbb7 47.
Rf8 f6 48. Rfa8 Bd4 49. R8a3 Be3 50. Ra6 Bc1 51. Ra1 Bb2 52. R1a2 Bd4 53. R6a4
Be5 1/2-1/2

[Event "Championnat de France des Jeunes - Benja"]
[Site "TROYES"]
[Date "2010.04.16"]
[Round "7.6"]
[White "Purenne, Benoit"]
[Black "Eid, Amine"]
[Result "0-1"]
[WhiteElo "1886"]
[BlackElo "1851"]
[PlyCount "90"]
[EventDate "2010.??.??"]

1. d4 g6 2. e4 Bg7 3. Nc3 d6 4. Be3 a6 5. Qd2 b5 6. f3 Bb7 7. g4 Nd7 8. h4 h5
9. g5 c5 10. Nce2 e6 11. Bg2 Ne7 12. Ng3 cxd4 13. Bxd4 Ne5 14. b3 N7c6 15. c3
Nxd4 16. cxd4 Nc6 17. N1e2 Qb6 18. Rd1 O-O 19. O-O e5 20. Kh1 Nxd4 21. Nxd4
Qxd4 22. Qxd4 exd4 23. Kg1 Rfe8 24. f4 Rac8 25. Rd2 Rc3 26. Ne2 Re3 27. Nxd4
Bxe4 28. Bxe4 R3xe4 29. Nc6 R4e6 30. Nd4 Bxd4+ 31. Rxd4 Rc8 32. Rd2 Rc5 33. Kg2
Kf8 34. Rdf2 Rf5 35. Rc1 Rc5 36. Rxc5 dxc5 37. Rc2 Rc6 38. Kf3 c4 39. Ke4 cxb3
40. Rb2 bxa2 41. Rxa2 b4 42. Kd5 Rb6 43. Kc5 b3 44. Rb2 Rb8 45. Kc4 a5 0-1

[Event "Championnat de France des Jeunes - Benja"]
[Site "TROYES"]
[Date "2010.04.16"]
[Round "7.7"]
[White "Bourgeois, Florian"]
[Black "Bigonnet, Jean-Michel"]
[Result "1-0"]
[WhiteElo "1805"]
[BlackElo "1914"]
[PlyCount "97"]
[EventDate "2010.??.??"]

1. e4 e5 2. Nc3 Nf6 3. Bc4 Bc5 4. d3 h6 5. f4 d6 6. Nf3 Nc6 7. Na4 Bb4+ 8. c3
Ba5 9. Qb3 O-O 10. Qc2 exf4 11. b4 Bb6 12. Nxb6 axb6 13. Bxf4 d5 14. Bxd5 Nxd5
15. exd5 Qxd5 16. O-O Bf5 17. Bxc7 Qxd3 18. Qxd3 Bxd3 19. Rfe1 Ra3 20. b5 Bxb5
21. Bd6 Rxc3 22. Bxf8 Kxf8 23. Rad1 g5 24. Rd7 Na5 25. Rde7 Bc6 26. Nd4 Ra3 27.
R1e2 Rd3 28. Nf5 Rd1+ 29. Re1 Rd2 30. R7e2 Rxe2 31. Rxe2 Bd7 32. Nd6 Bc6 33.
Rb2 Bd5 34. Kf2 Nc4 35. Nxc4 Bxc4 36. a4 Ke7 37. Rxb6 Bd5 38. Rxh6 f6 39. Rh3
b6 40. Rc3 Kd6 41. g3 g4 42. Ke3 Ke5 43. Rc8 Bb3 44. Ra8 Bd1 45. a5 bxa5 46.
Rxa5+ Ke6 47. Kf4 Be2 48. Ra3 Bd1 49. Ra6+ 1-0

[Event "Championnat de France des Jeunes - Benja"]
[Site "TROYES"]
[Date "2010.04.16"]
[Round "7.8"]
[White "Rouffignac, Tanguy"]
[Black "Poulet, Pierre-Emmanuel"]
[Result "1/2-1/2"]
[WhiteElo "1885"]
[BlackElo "1760"]
[PlyCount "54"]
[EventDate "2010.??.??"]

1. e4 e6 2. d4 d5 3. e5 c5 4. c3 Qb6 5. Nf3 Nc6 6. a3 Nh6 7. b4 cxd4 8. cxd4
Nf5 9. Bb2 Bd7 10. g4 Nfe7 11. Nc3 Rc8 12. Na4 Qc7 13. Nc5 Ng6 14. Rc1 Be7 15.
Qd2 Qb6 16. Be2 a5 17. Na4 Qd8 18. b5 Na7 19. Rxc8 Nxc8 20. O-O b6 21. Ne1 Na7
22. Nc3 O-O 23. Ng2 f6 24. f4 fxe5 25. fxe5 Bg5 26. Rxf8+ Kxf8 27. Qd1 Kg8
1/2-1/2

[Event "Championnat de France des Jeunes - Benja"]
[Site "TROYES"]
[Date "2010.04.16"]
[Round "7.9"]
[White "Gautier, Clement"]
[Black "Grundman, Anatole"]
[Result "1/2-1/2"]
[WhiteElo "1875"]
[BlackElo "1742"]
[PlyCount "164"]
[EventDate "2010.??.??"]

1. e4 c5 2. Nc3 Nc6 3. g3 g6 4. Bg2 Bg7 5. d3 d6 6. Be3 Nd4 7. Qd2 Qa5 8. Bxd4
cxd4 9. Nd5 Qd8 10. Ne2 e6 11. Ndf4 Ne7 12. O-O O-O 13. Nh3 Rb8 14. f4 f5 15.
exf5 Nxf5 16. c3 Qb6 17. Nf2 Ne3 18. Rfe1 e5 19. cxd4 exd4 20. Be4 Bf5 21. Bxf5
Rxf5 22. Ne4 Rb5 23. b3 d5 24. Ng5 Rc5 25. Rac1 Rbc8 26. Rxc5 Rxc5 27. Rc1 Rc6
28. Rxc6 bxc6 29. Ne6 c5 30. Nxg7 Kxg7 31. b4 Qe6 32. Kh1 Qh3 33. Ng1 Qc8 34.
bxc5 Qxc5 35. Qb2 Kh6 36. Ne2 Nc2 37. Qc1 Kg7 38. Nxd4 Qxd4 39. Qxc2 Kh6 40.
Qd2 Kg7 41. Kg2 a5 42. h3 a4 43. Kf3 Qa1 44. Qe2 Qh1+ 45. Kg4 h5+ 46. Kh4 Kf7
47. Qc2 Qf3 48. Qxa4 Qxd3 49. Qd7+ Kf6 50. a4 Qc4 51. Qd6+ Kf7 52. a5 Qd4 53.
a6 Ke8 54. Qxg6+ Kd8 55. Kxh5 Qc5 56. a7 Qxa7 57. Qg8+ Kc7 58. Qxd5 Qa3 59.
Qe5+ Kd7 60. Qg7+ Kc6 61. f5 Qf3+ 62. Qg4 Qd5 63. Qg6+ Kc5 64. g4 Qf3 65. h4
Qa8 66. f6 Qh8+ 67. Kg5 Qd8 68. h5 Qd2+ 69. Kf5 Qd5+ 70. Kf4 Qd2+ 71. Ke4 Qd4+
72. Kf3 Qd1+ 73. Ke3 Qd4+ 74. Ke2 Qb2+ 75. Kd1 Qd4+ 76. Kc1 Qg1+ 77. Kb2 Qd4+
78. Kc2 Qf2+ 79. Kb1 Qe1+ 80. Ka2 Qd2+ 81. Ka1 Qc1+ 82. Qb1 Qa3+ 1/2-1/2

[Event "Championnat de France des Jeunes - Benja"]
[Site "TROYES"]
[Date "2010.04.16"]
[Round "7.10"]
[White "Mirimanian, Haik"]
[Black "Cogan, Nicolas"]
[Result "1/2-1/2"]
[WhiteElo "1818"]
[BlackElo "1680"]
[PlyCount "91"]

1. e4 c5 2. Nc3 Nc6 3. g3 g6 4. Bg2 Bg7 5. d3 d6 6. Nge2 Nf6 7. O-O O-O 8. h3
Rb8 9. f4 Nd7 10. Be3 Nd4 11. g4 b5 12. Qd2 b4 13. Nd1 a5 14. Ng3 a4 15. c3
bxc3 16. bxc3 Nc6 17. d4 Ba6 18. Re1 cxd4 19. cxd4 Nb6 20. Rc1 Nc4 21. Qf2 Nb4
22. Bf1 Nxe3 23. Qxe3 Bxf1 24. Rxf1 Nxa2 25. Rc4 Rb3 26. Qf2 Qb6 27. Rxa4 Bxd4
28. Rxd4 Rxg3+ 29. Qxg3 Qxd4+ 30. Qe3 Qxe3+ 31. Nxe3 Nc3 32. Nd5 Nxd5 33. exd5
Rc8 34. f5 Rc5 35. fxg6 fxg6 36. Rd1 Kf7 37. Kg2 e5 38. dxe6+ Kxe6 39. Rd3 h5
40. gxh5 gxh5 41. Kg3 Rc4 42. Ra3 h4+ 43. Kf3 Ke5 44. Ra5+ d5 45. Ra3 Rc5 46.
Kg4 1/2-1/2

[Event "Championnat de France des Jeunes - Benjamines"]
[Site "TROYES"]
[Date ""]
[Round "7.1"]
[White "Bertrand, Meryl"]
[Black "Fischer, Julie"]
[Result "0-1"]
[WhiteElo "1632"]
[BlackElo "1721"]
[Annotator ""]

1. e4 d5 2. exd5 Qxd5 3. Nc3 Qd6 4. d4 Nf6 5. Nf3 a6 6. Be2 Bf5 7. Be3 Nc6 8.
a3 e6 9. Qd2 Be7 10. O-O O-O 11. Rad1 Rad8 12. Qc1 Nd5 13. Nxd5 exd5 14. c3 Na5
15. b4 Nc4 16. Bf4 Qc6 17. Ne5 Nxe5 18. Bxe5 Bd6 19. Bxd6 Rxd6 20. Bd3 Bd7 21.
Rde1 Rh6 22. Re3 Qd6 23. Rg3 f5 24. f4 Rff6 25. Rff3 Rfg6 26. Qe3 Re6 27. Qd2
Re7 28. Rh3 Rhe6 29. Rf1 g6 30. Rg3 Kf8 31. Rgf3 Qb6 32. g3 Bb5 33. h3 Bxd3 34.
Qxd3 Qc6 35. R1f2 Qa4 36. c4 dxc4 37. Qxc4 Qd1+ 38. Kg2 Re1 39. Rf1 R7e2+ 40.
R3f2 Rxf1 0-1

[Event "Championnat de France des Jeunes - Benja"]
[Site "TROYES"]
[Date "2010.04.16"]
[Round "7.2"]
[White "Vignette, Jeanne"]
[Black "Sriskantharajah, Niruja"]
[Result "1-0"]
[WhiteElo "1568"]
[BlackElo "1581"]
[PlyCount "87"]

1. e4 e5 2. Nf3 Nf6 3. Nxe5 d6 4. Nf3 Nxe4 5. Nc3 Nxc3 6. dxc3 Be7 7. Bf4 O-O
8. Qd2 Bf5 9. O-O-O Qd7 10. h4 Qa4 11. a3 Bxc2 12. Re1 Bf6 13. Bxd6 cxd6 14.
Qxc2 Qf4+ 15. Kb1 Nc6 16. Bd3 h6 17. Re4 Qf5 18. Re3 Qd7 19. Bf5 Qc7 20. g4 Be7
21. g5 h5 22. g6 Ne5 23. Nxe5 dxe5 24. gxf7+ Kh8 25. Bg6 Qd6 26. Bxh5 Qf6 27.
Rf3 Qh6 28. Qf5 Bf6 29. Rg1 Rad8 30. Ka2 Rd5 31. Qg6 Qh7 32. Qxh7+ Kxh7 33.
Bg6+ Kh6 34. h5 Rd2 35. Re1 Rc8 36. Re4 Rf8 37. Rc4 Rd7 38. Re3 Re7 39. f4 a6
40. fxe5 Rxe5 41. Rxe5 Bxe5 42. Re4 Bf6 43. Re8 Be7 44. Rxe7 1-0

[Event "Championnat de France des Jeunes - Benja"]
[Site "TROYES"]
[Date "2010.04.16"]
[Round "7.3"]
[White "Abidi, Hasma"]
[Black "Dieuleveut, Floriane"]
[Result "1-0"]
[WhiteElo "1740"]
[BlackElo "1613"]
[PlyCount "85"]

1. d4 Nf6 2. Nf3 d6 3. c4 Nbd7 4. Nc3 e5 5. e3 g6 6. Be2 Bg7 7. O-O O-O 8. dxe5
dxe5 9. Qc2 Qe7 10. e4 b6 11. Bg5 h6 12. Bh4 g5 13. Bg3 Bb7 14. Nd5 Nxd5 15.
cxd5 Rac8 16. Bb5 c6 17. dxc6 a6 18. Qe2 Bxc6 19. Bxc6 Rxc6 20. Qxa6 Qb4 21.
Qe2 Rc4 22. a3 Rxe4 23. Qd2 Qxd2 24. Nxd2 Re2 25. Rfd1 Nc5 26. Kf1 Rxd2 27.
Rxd2 Nb3 28. Rad1 Nxd2+ 29. Rxd2 f5 30. h3 f4 31. Bh2 e4 32. Re2 Re8 33. Re1 e3
34. fxe3 Rxe3 35. Rxe3 fxe3 36. b3 Kf7 37. Ke2 Bd4 38. Bg1 Bc5 39. a4 Ke6 40.
Bxe3 Kd5 41. Bxc5 Kxc5 42. Kd3 h5 43. Kc3 1-0

[Event "Championnat de France des Jeunes - Benja"]
[Site "TROYES"]
[Date "2010.04.16"]
[Round "7.4"]
[White "Navrotescu, Andreea-Cristiana"]
[Black "Dol, Cecile"]
[Result "1-0"]
[WhiteElo "1930"]
[BlackElo "1610"]
[PlyCount "65"]

1. d4 d5 2. c4 dxc4 3. Nf3 Nf6 4. e3 e6 5. Bxc4 c5 6. O-O Nc6 7. Nc3 cxd4 8.
exd4 Be7 9. a3 a6 10. Qd3 O-O 11. Bg5 b5 12. Bb3 Bb7 13. Bc2 g6 14. Rad1 Rc8
15. Bxf6 Bxf6 16. Ne4 Be7 17. b4 Re8 18. Nc5 Bxc5 19. dxc5 Qxd3 20. Rxd3 Red8
21. Rfd1 Rxd3 22. Rxd3 Kf8 23. Rd7 Rb8 24. Be4 Ke8 25. Rxb7 Rc8 26. Rb6 Nb8 27.
Rd6 Rc7 28. Ne5 Ke7 29. Nc6+ Nxc6 30. Bxc6 h6 31. Bf3 Ra7 32. Rb6 Kf6 33. Rb7
1-0

[Event "Championnat de France des Jeunes - Benja"]
[Site "TROYES"]
[Date "2010.04.16"]
[Round "7.5"]
[White "Canterel, Cecile"]
[Black "Bellaiche, Elise"]
[Result "0-1"]
[WhiteElo "1840"]
[BlackElo "1833"]
[PlyCount "54"]

1. d4 d5 2. c4 c6 3. Nd2 Nf6 4. Ngf3 e6 5. g3 b6 6. Bg2 Bb7 7. O-O Be7 8. Qc2
O-O 9. b3 Nbd7 10. Bb2 c5 11. Rfe1 Rc8 12. Qd1 a6 13. Rc1 h6 14. h3 Re8 15. Nh2
Ba8 16. cxd5 exd5 17. e4 dxe4 18. Nxe4 Nxe4 19. Bxe4 Bg5 20. f4 Bxe4 21. fxg5
Qxg5 22. Rc3 Bb7 23. Rxe8+ Rxe8 24. Rd3 cxd4 25. Bxd4 Nc5 26. Rc3 Qd5 27. Rc2
Qh1+ 0-1

[Event "Championnat de France des Jeunes - Benja"]
[Site "TROYES"]
[Date "2010.04.16"]
[Round "7.6"]
[White "Kambrath, Linda"]
[Black "Rigolot, Lucie"]
[Result "0-1"]
[WhiteElo "1587"]
[BlackElo "1900"]
[PlyCount "112"]

1. e4 c5 2. Nf3 e6 3. d3 Nc6 4. Nbd2 Nf6 5. g3 d5 6. Bg2 Be7 7. O-O Qc7 8. Re1
O-O 9. Nf1 d4 10. e5 Nd5 11. h4 f6 12. exf6 Nxf6 13. Ng5 e5 14. Nh2 Bd6 15. Qe2
Bd7 16. Bd2 Rae8 17. Ne4 Be7 18. Nxf6+ Bxf6 19. Ng4 Qd6 20. Be4 Qe6 21. Nh2 b5
22. a3 Ne7 23. Rf1 Bc6 24. b4 c4 25. Ng4 Bd7 26. Nh2 Nc8 27. Qh5 g6 28. Qf3 Nb6
29. Qe2 Bg7 30. Kh1 Nc8 31. Bg2 Nd6 32. Rae1 Nf7 33. Qe4 Rc8 34. Rc1 Bc6 35.
Qe2 Bxg2+ 36. Kxg2 Nd6 37. Rfe1 Rfe8 38. Ra1 e4 39. dxe4 d3 40. cxd3 Bxa1 41.
Rxa1 cxd3 42. Qxd3 Qxe4+ 43. Qxe4 Nxe4 44. Be3 a6 45. Nf3 Nd6 46. Bc5 Nc4 47.
Nd4 Kf7 48. a4 bxa4 49. Rxa4 a5 50. Nb3 axb4 51. Rxb4 Ne5 52. Rf4+ Ke6 53. Re4
Kd5 54. Rd4+ Kc6 55. Rd6+ Kb5 56. Bd4 Nc4 0-1

[Event "Championnat de France des Jeunes - Benja"]
[Site "TROYES"]
[Date "2010.04.16"]
[Round "7.7"]
[White "Bekhouche, Marion"]
[Black "Langlais, Victoire"]
[Result "1-0"]
[WhiteElo "1707"]
[BlackElo "1554"]
[PlyCount "143"]

1. d4 d5 2. Nf3 Nc6 3. Bf4 Nf6 4. e3 Bg4 5. Bb5 Bd7 6. O-O e6 7. c4 dxc4 8. Nc3
Bd6 9. Bg3 Qe7 10. Bxc4 O-O-O 11. e4 Bxg3 12. hxg3 Qb4 13. Qd3 Na5 14. b3 Nxc4
15. bxc4 Qe7 16. Rab1 c6 17. Rb2 Be8 18. Rfb1 Rd7 19. Ne5 Rc7 20. Na4 Nh5 21.
Nc5 b6 22. Qa3 Kd8 23. Qa6 f6 24. Ned3 g6 25. a4 Bd7 26. Nxd7 Qxd7 27. a5 Ke7
28. axb6 axb6 29. d5 exd5 30. exd5 cxd5 31. Rxb6 dxc4 32. Re1+ Kf7 33. Rxf6+
Kg7 34. Rd6 Qf7 35. Ne5 Qe8 36. Re6 Qc8 37. Qd6 Rf8 38. Re7+ Rxe7 39. Qxe7+ Kg8
40. Qb4 Re8 41. Re3 c3 42. Rxc3 Qf5 43. Qc4+ Kg7 44. Qc7+ Kg8 45. Nf3 Qe6 46.
Rd3 Re7 47. Qb8+ Kg7 48. Qd8 Re8 49. Rd7+ Kg8 50. Qc7 Nf6 51. Rd6 Nd5 52. Qc5
Qf7 53. Qxd5 Qxd5 54. Rxd5 Rc8 55. Kf1 h5 56. Ke2 Re8+ 57. Re5 Rb8 58. Ke3 Rb2
59. Rd5 Kf7 60. Rd6 Rb3+ 61. Rd3 Rb4 62. Rd4 Rb3+ 63. Kf4 Rb1 64. Kg5 Rf1 65.
Rd2 Rb1 66. Ne5+ Kg7 67. Rd7+ Kf8 68. Kxg6 Re1 69. Kf6 Kg8 70. Rg7+ Kf8 71. Re7
Kg8 72. Ng6 1-0

[Event "Championnat de France des Jeunes - Benja"]
[Site "TROYES"]
[Date "2010.04.16"]
[Round "7.8"]
[White "Reau, Florine"]
[Black "Nourani, Maral"]
[Result "1-0"]
[WhiteElo "1460"]
[BlackElo "1690"]
[PlyCount "59"]
[EventDate "2010.??.??"]

1. e4 c5 2. Nf3 a6 3. Nc3 b5 4. a3 Bb7 5. d3 Qc7 6. g3 e6 7. Bg2 d6 8. O-O Be7
9. Bf4 Nd7 10. Nd2 Ngf6 11. Ne2 O-O 12. c3 Bc6 13. d4 Qb7 14. f3 Rac8 15. e5
dxe5 16. dxe5 Nh5 17. Re1 Qc7 18. b4 Nxe5 19. Bxe5 Qxe5 20. Nd4 Qd6 21. Nxc6
Qxc6 22. f4 Qd7 23. Ne4 Qxd1 24. Raxd1 cxb4 25. axb4 Rfd8 26. Nc5 Bxc5+ 27.
bxc5 h6 28. Rxd8+ Rxd8 29. Bb7 a5 30. c6 1-0

[Event "Championnat de France des Jeunes - Benja"]
[Site "TROYES"]
[Date "2010.04.16"]
[Round "7.9"]
[White "Venet, Clemence"]
[Black "Nolot, Clementine"]
[Result "0-1"]
[WhiteElo "1460"]
[BlackElo "1672"]
[PlyCount "38"]

1. e4 e5 2. Nf3 Nc6 3. d4 exd4 4. Bc4 Be7 5. O-O d6 6. c3 Nf6 7. Re1 Ne5 8.
cxd4 Nxf3+ 9. Qxf3 O-O 10. Nc3 Bg4 11. Qd3 c6 12. Bf4 Re8 13. Bxd6 Bxd6 14. e5
b5 15. Bb3 Bxe5 16. Ne4 Qxd4 17. Qc2 Qxb2 18. Qc5 Nxe4 19. Qe3 Bd4 0-1

[Event "Championnat de France des Jeunes - Benja"]
[Site "TROYES"]
[Date "2010.04.16"]
[Round "7.10"]
[White "Rei-Rosa, Sophie"]
[Black "Legrand, Claire"]
[Result "0-1"]
[WhiteElo "1660"]
[BlackElo "1600"]
[PlyCount "124"]

1. d4 d6 2. Bf4 Nf6 3. e3 Nbd7 4. Nf3 c6 5. c3 Qc7 6. Nbd2 e5 7. Bg3 Nh5 8.
dxe5 Nxg3 9. exd6 Bxd6 10. hxg3 Ne5 11. Nxe5 Bxe5 12. Nc4 Bf6 13. Nd6+ Ke7 14.
Ne4 Be5 15. f4 Bf5 16. Ng5 Bf6 17. Qh5 g6 18. Qh6 Qb6 19. Kf2 Qxb2+ 20. Be2
Bxg5 21. Qxg5+ f6 22. Qh6 Kf7 23. Kf3 Qxc3 24. Rac1 Qb4 25. Bc4+ Be6 26. Bxe6+
Kxe6 27. Rb1 Qe7 28. Rhd1 Rad8 29. Qh3+ f5 30. e4 Rxd1 31. exf5+ gxf5 32. Qh6+
Qf6 33. Qxf6+ Kxf6 34. Rxd1 Re8 35. Rd7 Re7 36. Rd6+ Kf7 37. Rh6 Kg7 38. Rd6
Kg8 39. Rd8+ Kf7 40. Rh8 Ke6 41. Ke3 Kd5+ 42. Kf3 c5 43. Rf8 Ke6 44. Rd8 c4 45.
Ke3 Rd7 46. Rxd7 Kxd7 47. a4 Kc6 48. Kd4 b5 49. a5 h5 50. g4 hxg4 51. g3 a6 52.
Kc3 Kc5 53. Kd2 b4 54. Kc2 b3+ 55. Kc3 Kb5 56. Kb2 Kb4 57. Ka1 c3 58. Kb1 c2+
59. Kc1 Ka3 60. Kd2 b2 61. Kxc2 Ka2 62. Kc3 b1=Q 0-1

[Event "Championnat de France des Jeunes - Pupilles"]
[Site "TROYES"]
[Date ""]
[Round "7.1"]
[White "Bellahcene, Bilel"]
[Black "Froment, Theophile"]
[Result "1-0"]
[WhiteElo "2072"]
[BlackElo "1834"]
[Annotator ""]

1. e4 c5 2. Ne2 d6 3. g3 Nf6 4. Bg2 a6 5. O-O e6 6. c3 Be7 7. d4 O-O 8. h3 Nc6
9. Be3 Qc7 10. f4 cxd4 11. cxd4 b5 12. Nd2 Bb7 13. Rc1 Qd7 14. g4 d5 15. e5 Ne4
16. f5 Bb4 17. Nxe4 dxe4 18. a3 Ba5 19. f6 Bb6 20. Rxc6 Bxc6 21. Qe1 Rfc8 22.
Qh4 Qd8 23. Qg5 g6 24. h4 Qf8 25. Qf4 Ra7 26. h5 Rcc7 27. g5 Rd7 28. Bh3 Qe8
29. hxg6 fxg6 30. Qg4 Kf7 31. Qh4 Kg8 32. Bg4 Bd5 33. Qh3 Rac7 34. Rf2 Qf7 35.
Nc3 Rc6 36. Kh2 Ba5 37. Ne2 Bb6 38. Nf4 Ba7 39. Kg3 Bb6 40. Qh1 Bxd4 41. Bxd4
e3 42. Nxd5 exf2 43. Ne3 Rc8 44. Bc3 Rcd8 45. Kxf2 Rd3 46. Qc6 Re8 47. Qxa6 Qd7
48. Be2 Rxe3 49. Kxe3 Rd8 50. Qxb5 Qa7+ 51. Kf3 Qa8+ 52. Kf2 Qa7+ 53. Kf1 Qa8
54. Qb6 Qh1+ 55. Qg1 Qh3+ 56. Qg2 Qf5+ 57. Qf3 Qxg5 58. f7+ Kg7 59. Qf6+ Qxf6+
60. exf6+ Kxf7 61. a4 Ra8 62. a5 e5 63. a6 Kxf6 64. b4 Ke6 65. b5 Kd6 66. Bb4+
Kc7 67. Bf3 Kb8 68. Bxa8 Kxa8 69. b6 g5 70. Bd6 1-0

[Event "Championnat de France des Jeunes - Pupil"]
[Site "TROYES"]
[Date "2010.04.16"]
[Round "7.2"]
[White "Ek, Alexandre"]
[Black "Msellek, Ilyass"]
[Result "0-1"]
[WhiteElo "1833"]
[BlackElo "1970"]
[PlyCount "80"]

1. e4 c5 2. Nf3 Nc6 3. d4 cxd4 4. Nxd4 e5 5. Nb5 d6 6. N1c3 a6 7. Na3 b5 8. Nd5
Nge7 9. Bg5 h6 10. Bxe7 Bxe7 11. Bd3 Be6 12. O-O O-O 13. Qf3 Rc8 14. c3 g6 15.
g4 Bxd5 16. exd5 Nb8 17. Nc2 Bg5 18. a4 Nd7 19. axb5 axb5 20. Nb4 Bf4 21. Nc6
Qh4 22. h3 Rfe8 23. Ra7 Nf6 24. Rfa1 Nh7 25. Bf1 Qf6 26. Bg2 e4 27. Qe2 e3 28.
f3 Bg3 29. Rb7 Bf2+ 30. Kf1 Qf4 31. Qd3 Qh2 32. Ke2 Qxg2 33. Ne7+ Rxe7 34. Rxe7
Ng5 35. Qd1 Qxf3+ 36. Kf1 Qxh3+ 37. Ke2 Qxg4+ 38. Kd3 Qf5+ 39. Ke2 Ne4 40. Qc2
Nxc3+ 0-1

[Event "Championnat de France des Jeunes - Pupil"]
[Site "TROYES"]
[Date "2010.04.16"]
[Round "7.3"]
[White "Veys, Vincent"]
[Black "Grezels, Florian"]
[Result "1-0"]
[WhiteElo "1643"]
[BlackElo "1874"]
[PlyCount "82"]

1. e4 d6 2. Nc3 Nf6 3. g3 e5 4. Bg2 Be7 5. Nge2 O-O 6. O-O Nbd7 7. h3 Re8 8. d3
c6 9. g4 Nf8 10. Ng3 Ng6 11. Nce2 a5 12. Kh2 h6 13. f4 exf4 14. Nxf4 Nxf4 15.
Bxf4 Nh7 16. Qf3 Be6 17. d4 d5 18. Qd3 Bg5 19. e5 Qb6 20. Bxg5 Nxg5 21. Nf5
Bxf5 22. gxf5 Rad8 23. h4 Ne4 24. f6 g6 25. Rg1 Nf2 26. Qd2 Ng4+ 27. Kh3 h5 28.
Bf3 Qxb2 29. Bxg4 hxg4+ 30. Kxg4 Kh7 31. Qd3 Qb5 32. Qxb5 cxb5 33. h5 gxh5+ 34.
Kxh5 Rg8 35. Rab1 b4 36. Rbd1 b5 37. Rde1 Rde8 38. Rxg8 Kxg8 39. e6 fxe6 40.
Kg6 Kf8 41. Rh1 Kg8 1-0

[Event "Championnat de France des Jeunes - Pupil"]
[Site "TROYES"]
[Date "2010.04.16"]
[Round "7.4"]
[White "Delpierre, Elie"]
[Black "Duval, Thomas"]
[Result "0-1"]
[WhiteElo "1685"]
[BlackElo "1810"]
[PlyCount "158"]

1. d4 Nf6 2. c4 e6 3. Nf3 Bb4+ 4. Nc3 d6 5. Bg5 O-O 6. e3 h6 7. Bh4 Nc6 8. Bd3
Qe7 9. O-O Bxc3 10. bxc3 e5 11. Nd2 g5 12. Bg3 Na5 13. Qc2 b6 14. h4 Re8 15.
hxg5 hxg5 16. f3 Nh5 17. Bf2 g4 18. fxg4 Bxg4 19. Bf5 Be2 20. Rfe1 Bxc4 21.
Nxc4 Nxc4 22. Qe4 Qg5 23. Bh4 Qg7 24. Bd7 Rf8 25. Qf3 Qg6 26. Be7 Nd2 27. Qg4
Qxg4 28. Bxg4 Rfe8 29. Bh4 Ne4 30. Bxh5 Nxc3 31. Bf3 Rab8 32. Bc6 Re6 33. Bd7
Rh6 34. g3 Kg7 35. Kf2 Nd5 36. Bc6 Nb4 37. Bb5 Nc2 38. Rac1 Nxe1 39. Kxe1 exd4
40. exd4 Re6+ 41. Kd2 c5 42. d5 Re5 43. Bc6 Rg8 44. g4 Re4 45. Bg3 Rd8 46. Bh4
f6 47. Rf1 Rf8 48. Bg3 Rd8 49. Rxf6 Kxf6 50. Bh4+ Ke5 51. Bxd8 Rxg4 52. a4 c4
53. Kc3 Re4 54. Bc7 Rf4 55. Bb8 a6 56. Ba7 b5 57. axb5 axb5 58. Bg1 Rf3+ 59.
Kc2 Rh3 60. Bxb5 Kxd5 61. Ba6 Rg3 62. Bb7+ Ke6 63. Bc8+ Ke7 64. Bd4 d5 65. Bc5+
Kf6 66. Ba6 Rg2+ 67. Kc3 Rg3+ 68. Kb4 Rb3+ 69. Ka4 Ke5 70. Ba7 Rb1 71. Bc5 Rb8
72. Ka5 Ke4 73. Bd6 Ra8 74. Kb6 Rxa6+ 75. Kxa6 c3 76. Kb5 d4 77. Kc4 Ke3 78.
Ba3 d3 79. Bc5+ Ke2 0-1

[Event "Championnat de France des Jeunes - Pupil"]
[Site "TROYES"]
[Date "2010.04.16"]
[Round "7.5"]
[White "Rodriguez, Adrien"]
[Black "Devoille, Hugo"]
[Result "1-0"]
[WhiteElo "1797"]
[BlackElo "1704"]
[PlyCount "91"]

1. d4 Nf6 2. Nf3 g6 3. c4 Bg7 4. Nc3 O-O 5. e4 d6 6. Be2 e5 7. O-O Nc6 8. d5
Ne7 9. Ne1 Ne8 10. Be3 f5 11. f3 f4 12. Bf2 g5 13. h3 Nf6 14. Rc1 h5 15. c5 h4
16. cxd6 cxd6 17. Nb5 b6 18. Nd3 Nh5 19. Qc2 Ng3 20. Bxg3 hxg3 21. Qc7 Qxc7 22.
Rxc7 Ba6 23. Nxd6 Rfd8 24. Rxe7 Rxd6 25. Nxf4 gxf4 26. Bxa6 Bf6 27. Rc7 Bd8 28.
Rc6 Be7 29. Rfc1 Rad8 30. Rxd6 Bxd6 31. Rc8 Rxc8 32. Bxc8 Kf8 33. Kf1 Ke8 34.
Ke2 Kd8 35. Ba6 Kc7 36. Kd3 Be7 37. Kc4 Bd8 38. Bb5 Be7 39. Bc6 a6 40. a4 a5
41. Kb5 Bc5 42. h4 Kd8 43. Bb7 Kd7 44. h5 Ke7 45. Kc6 Kf7 46. d6 1-0

[Event "Championnat de France des Jeunes - Pupil"]
[Site "TROYES"]
[Date "2010.04.16"]
[Round "7.6"]
[White "Alinc, Dimitri"]
[Black "Biancarelli, Pablo"]
[Result "1/2-1/2"]
[WhiteElo "1772"]
[BlackElo "1666"]
[PlyCount "58"]

1. e4 c5 2. Nc3 a6 3. a4 e6 4. Bc4 Nc6 5. f4 d6 6. Nf3 Nf6 7. d3 Qc7 8. Bd2 Be7
9. O-O b6 10. Qe1 Nd4 11. Nxd4 cxd4 12. Ne2 e5 13. c3 dxc3 14. Nxc3 Bb7 15. Rc1
O-O 16. Ne2 Qd7 17. a5 b5 18. Ba2 Rac8 19. Qf2 Rc6 20. Rxc6 Qxc6 21. Rc1 Qd7
22. Qb6 Rc8 23. Rxc8+ Qxc8 24. Bc3 d5 25. Qf2 Bc5 26. d4 Nxe4 27. Qe3 Nxc3 28.
bxc3 exd4 29. Nxd4 Qd7 1/2-1/2

[Event "Championnat de France des Jeunes - Pupil"]
[Site "TROYES"]
[Date "2010.04.16"]
[Round "7.7"]
[White "Rambaldi, Francesco"]
[Black "Bourgery, William"]
[Result "1-0"]
[WhiteElo "1952"]
[BlackElo "1586"]
[PlyCount "83"]

1. c4 Nf6 2. Nc3 c6 3. e4 e5 4. Nf3 Bb4 5. Qc2 O-O 6. Be2 Re8 7. d3 d5 8. cxd5
cxd5 9. exd5 Qxd5 10. O-O Bxc3 11. bxc3 Nc6 12. Bg5 Bf5 13. Rfd1 Nd7 14. Be3
Nf6 15. h3 Rac8 16. Qb2 Qd7 17. d4 exd4 18. Nxd4 Bg6 19. Nxc6 Qxc6 20. Bb5 Qxc3
21. Qxc3 Rxc3 22. Bxe8 Nxe8 23. Bxa7 f6 24. Be3 Rc7 25. Rac1 Re7 26. Bc5 Rc7
27. Bb4 Rxc1 28. Rxc1 Kf7 29. Re1 b5 30. Re7+ Kg8 31. f4 Bf7 32. a3 g6 33. Rb7
Bc4 34. Bc3 Bd3 35. Kf2 Nd6 36. Rd7 Ne4+ 37. Ke3 Nxc3 38. Rxd3 Na4 39. Rb3 Kf7
40. Rxb5 h5 41. Kd4 Ke6 42. Rb4 1-0